Asian costumes and textiles from the Bosphorus to Fujiyama : the Zaira and Marcel Mis collection (Record no. 1315)

MARC details
000 -CABECERA
campo de control de longitud fija 00823nam a2200217 a 4500
001 - NÚMERO DE CONTROL
campo de control BRCA_1453
005 - FECHA Y HORA DE LA ÚLTIMA TRANSACCIÓN
campo de control 20190320203433.0
008 - DATOS DE LONGITUD FIJA--INFORMACIÓN GENERAL
campo de control de longitud fija 310805s2001----ms-a---f##---#001-0#spa-#
020 ## - NÚMERO INTERNACIONAL ESTÁNDAR DEL LIBRO
Número Internacional Estándar del Libro 8881189712
050 #4 - SIGNATURA TOPOGRÁFICA DE LA BIBLIOTECA DEL CONGRESO
Número de clasificación GT1370
Número de documento/Ítem .A75 2001
245 10 - MENCIÓN DE TÍTULO
Título Asian costumes and textiles from the Bosphorus to Fujiyama : the Zaira and Marcel Mis collection
Mención de responsabilidad, etc. introduction by Mary Hunt Kahlenberg ; contributions by Valerie Berinstain ... [et al.] ; photos by Mauro Magliani.
260 ## - PUBLICACIÓN, DISTRIBUCIÓN, ETC.
Lugar de publicación, distribución, etc. Milán, Italia
Nombre del editor, distribuidor, etc. Skira
Fecha de publicación, distribución, etc. 2001
300 ## - DESCRIPCIÓN FÍSICA
Extensión 291 p.
Otras características físicas il. a color, mapa
Dimensiones 31 cm.
500 ## - NOTA GENERAL
Nota general Incluye glosario e índice analítico
504 ## - NOTA DE BIBLIOGRAFÍA, ETC.
Nota de bibliografía, etc. Bibliografía : p. 287-288
650 14 - PUNTO DE ACCESO ADICIONAL DE MATERIA--TÉRMINO DE MATERIA
Término de materia o nombre geográfico como elemento de entrada Indumentaria
Subdivisión cronológica Asia
9 (RLIN) 4755
650 14 - PUNTO DE ACCESO ADICIONAL DE MATERIA--TÉRMINO DE MATERIA
Término de materia o nombre geográfico como elemento de entrada Telas
Subdivisión geográfica Asia
9 (RLIN) 4756
700 1# - PUNTO DE ACCESO ADICIONAL--NOMBRE DE PERSONA
Nombre de persona Hunt Kahlenberg, Mary
9 (RLIN) 4757
700 1# - PUNTO DE ACCESO ADICIONAL--NOMBRE DE PERSONA
Nombre de persona Berinstain, Valerie
9 (RLIN) 4758
942 ## - ELEMENTOS DE PUNTO DE ACCESO ADICIONAL (KOHA)
Fuente del sistema de clasificación o colocación Library of Congress Classification
Tipo de ítem Koha Libros
Holdings
Estado de retiro Estado de pérdida Estado dañado No para préstamo Localización permanente Ubicación/localización actual Fecha de adquisición Total de préstamos Signatura topográfica completa Código de barras Fecha visto por última vez Precio válido a partir de Tipo de ítem Koha
El ejemplar forma parte de la colección y puede ser consultado según las políticas vigentes.       Biblioteca del Museo Franz Mayer (Rogerio Casas-Alatriste) Biblioteca del Museo Franz Mayer (Rogerio Casas-Alatriste) 26/06/2008   GT1370 .A75 2001 01980 22/03/2019 22/03/2019 Libros